00372nam a2200121Ia 4500008004100000245010900041260001700150260000900167300000900176650002300185650001200208856003000220170516s9999 xx 000 0 und d aBlocking the 4-1BB Pathway Ameliorates Crystalline Silica-induced Lung Inflammation and Fibrosis in Mice bTheranostics c2016 a6:12 xMedical Technology xMedtech uhttp://www.thno.org/v6i12